[Event "Omsk-ch"]
[Site "Omsk"]
[Date "2015.02.16"]
[Round "1"]
[White "Petrenko, Mikhail"]
[Black "Lunga, Oleg"]
[Result "1-0"]
[WhiteElo "1821"]
[BlackElo "1800"]
[PlyCount "79"]
[EventDate "2015.02.16"]
[EventType "swiss"]
[EventRounds "9"]
[EventCountry "RUS"]
[SourceTitle "CBM 165 Extra"]
[Source "ChessBase"]
[SourceDate "2015.04.21"]
[SourceVersion "1"]
[SourceVersionDate "2015.04.21"]
[SourceQuality "1"]

1. e4 c5 2. Nf3 e6 3. d4 cxd4 4. Nxd4 Nc6 5. Nc3 Nf6 6. Be3 Bb4 7. Nxc6 bxc6 8. f3 Qa5 9. Bd2 Qh5 10. Qe2 a5 11. g4 Qh4+ 12. Qf2 Qxf2+ 13. Kxf2 d5 14. exd5 cxd5 15. Nb5 0-0 16. c3 Bc5+ 17. Be3 Bxe3+ 18. Kxe3 Rb8 19. a4 Nd7 20. Be2 Nc5 21. Ra3 Bd7 22. b3 Rfc8 23. c4 Na6 24. Ra2 Nb4 25. Rd2 Kf8 26. Rhd1 Ke7 27. f4 Be8 28. f5 dxc4 29. Bxc4 Bxb5 30. axb5 a4 31. fxe6 fxe6 32. Rd7+ Kf6 33. Rf1+ Ke5 34. Rf4 Nc2+ 35. Kf3 Ne1+ 36. Kg3 axb3 37. Rdd4 Nc2 38. Rfe4+ Kf6 39. Rxe6+ Kf7 40. Rf4+ 1-0

[Event "Omsk op 06"]
[Site "Omsk"]
[Date "2014.06.26"]
[Round "5"]
[White "Savostjanov, Igor"]
[Black "Lunga, Oleg"]
[Result "1-0"]
[WhiteElo "2140"]
[BlackElo "1790"]
[PlyCount "47"]
[EventDate "2014.06.20"]
[EventType "swiss"]
[EventRounds "9"]
[EventCountry "RUS"]
[SourceTitle "EXT 2016"]
[Source "ChessBase"]
[SourceDate "2015.10.08"]
[SourceVersion "1"]
[SourceVersionDate "2015.10.08"]
[SourceQuality "1"]

1. e4 d5 2. exd5 Qxd5 3. Nc3 Qc6 4. Bb5 Nf6 5. Nf3 Bd7 6. Bxc6 Nxc6 7. Nb5 0-0-0 8. 0-0 a6 9. Nbd4 e6 10. d3 Be8 11. Nxc6 Bxc6 12. Ne5 Be8 13. Bg5 h6 14. Bxf6 gxf6 15. Ng4 f5 16. Ne5 Bd6 17. Re1 Rg8 18. g3 f4 19. Nc4 fxg3 20. Nxd6+ cxd6 21. hxg3 Bc6 22. Qh5 Rg6 23. a4 Rdg8 24. b4 1-0

[Event "Omsk op 06"]
[Site "Omsk"]
[Date "2014.06.21"]
[Round "2"]
[White "Osipov, Yury"]
[Black "Lunga, Oleg"]
[Result "0-1"]
[WhiteElo "1629"]
[BlackElo "1790"]
[PlyCount "38"]
[EventDate "2014.06.20"]
[EventType "swiss"]
[EventRounds "9"]
[EventCountry "RUS"]
[SourceTitle "EXT 2016"]
[Source "ChessBase"]
[SourceDate "2015.10.08"]
[SourceVersion "1"]
[SourceVersionDate "2015.10.08"]
[SourceQuality "1"]

1. e4 c5 2. Nf3 Nf6 3. d4 cxd4 4. Nxd4 e5 5. Nf3 Nc6 6. Nc3 Bb4 7. Bd3 d5 8. exd5 Nxd5 9. Bd2 Nxc3 10. bxc3 Be7 11. 0-0 0-0 12. Rb1 b6 13. h3 Bb7 14. Re1 Bd6 15. Qe2 Nd4 16. Nxd4 exd4 17. Qg4 Re8 18. Rxe8+ Qxe8 19. Bh6 g6 0-1

[Event "Omsk op 05"]
[Site "Omsk"]
[Date "2014.05.14"]
[Round "7"]
[White "Lunga, Oleg"]
[Black "Petrenko, Mikhail"]
[Result "0-1"]
[WhiteElo "1795"]
[BlackElo "1674"]
[PlyCount "74"]
[EventDate "2014.05.01"]
[EventType "swiss"]
[EventRounds "9"]
[EventCountry "RUS"]
[SourceTitle "EXT 2016"]
[Source "ChessBase"]
[SourceDate "2015.10.08"]
[SourceVersion "1"]
[SourceVersionDate "2015.10.08"]
[SourceQuality "1"]

1. d4 Nf6 2. c4 e5 3. d5 c6 4. g3 cxd5 5. cxd5 Qa5+ 6. Nc3 Bb4 7. Bd2 d6 8. Bg2 Nbd7 9. a3 Bxc3 10. Bxc3 Qb5 11. a4 Qb6 12. Qd2 Nc5 13. Ba5 Qa6 14. Ra3 b6 15. Bb4 Bb7 16. e3 Nfe4 17. Qd1 Qc4 18. Bxc5 Nxc5 19. Qd2 Ne4 20. Bxe4 Qxe4 21. f3 Qb1+ 22. Kf2 Rc8 23. Rc3 0-0 24. Kg2 Rxc3 25. bxc3 Qb3 26. Nh3 Qxa4 27. Ng5 h6 28. Ne4 Qc4 29. Rd1 Qc7 30. g4 a5 31. Qa2 f5 32. gxf5 Rxf5 33. Qa3 Qc4 34. Rd2 Bxd5 35. Nxd6 Bxf3+ 36. Kf2 Bg2+ 37. Nxf5 Qf1+ 0-1

[Event "Omsk op 05"]
[Site "Omsk"]
[Date "2014.05.05"]
[Round "3"]
[White "Lunga, Oleg"]
[Black "Riabinina, Margarita"]
[Result "1-0"]
[WhiteElo "1795"]
[BlackElo "1724"]
[PlyCount "63"]
[EventDate "2014.05.01"]
[EventType "swiss"]
[EventRounds "9"]
[EventCountry "RUS"]
[SourceTitle "EXT 2016"]
[Source "ChessBase"]
[SourceDate "2015.10.08"]
[SourceVersion "1"]
[SourceVersionDate "2015.10.08"]
[SourceQuality "1"]

1. d4 Nf6 2. c4 c5 3. d5 d6 4. Nc3 g6 5. e4 Bg7 6. f4 0-0 7. Be2 a6 8. g4 e5 9. g5 Ne8 10. h4 exf4 11. Bxf4 Nd7 12. Nf3 Ne5 13. Bxe5 dxe5 14. Qd2 Nd6 15. h5 Bg4 16. hxg6 hxg6 17. b3 Bxf3 18. Bxf3 Qc7 19. 0-0-0 f5 20. gxf6 Rxf6 21. Bg4 b5 22. Be6+ Kf8 23. Rdf1 Qe7 24. Qg5 Rxf1+ 25. Rxf1+ Ke8 26. Qxg6+ Kd8 27. cxb5 axb5 28. Nxb5 Nxb5 29. Rf7 Qd6 30. Rd7+ Qxd7 31. Bxd7 Kxd7 32. Qc6+ 1-0

[Event "Omsk op 02"]
[Site "Omsk"]
[Date "2014.02.11"]
[Round "6"]
[White "Vasiljev, Artem"]
[Black "Lunga, Oleg"]
[Result "1-0"]
[WhiteElo "1762"]
[BlackElo "1797"]
[PlyCount "27"]
[EventDate "2014.02.03"]
[EventType "swiss"]
[EventRounds "9"]
[EventCountry "RUS"]
[SourceTitle "EXT 2016"]
[Source "ChessBase"]
[SourceDate "2015.10.08"]
[SourceVersion "1"]
[SourceVersionDate "2015.10.08"]
[SourceQuality "1"]

1. Nf3 d5 2. c4 dxc4 3. e3 Nc6 4. Bxc4 Bg4 5. Bxf7+ Kxf7 6. Ng5+ Ke8 7. Qxg4 Qd5 8. Nc3 Qd6 9. Nb5 Qe5 10. a4 Nd8 11. d4 Nf6 12. dxe5 Nxg4 13. Nxc7+ Kd7 14. Nxa8 1-0

[Event "Omsk-ch"]
[Site "Omsk"]
[Date "2013.02.13"]
[Round "5"]
[White "Lunga, Oleg"]
[Black "Kislov, Leonid"]
[Result "0-1"]
[WhiteElo "1766"]
[BlackElo "1857"]
[PlyCount "44"]
[EventDate "2013.02.09"]
[EventType "swiss"]
[EventRounds "9"]
[EventCountry "RUS"]
[SourceTitle "CBM 153 Extra"]
[Source "ChessBase"]
[SourceDate "2013.04.22"]
[SourceVersion "1"]
[SourceVersionDate "2013.04.22"]
[SourceQuality "1"]

1. e4 e5 2. Nf3 d6 3. d4 exd4 4. Nxd4 Nf6 5. Nc3 Be7 6. Be2 0-0 7. 0-0 c5 8. Nb3 a6 9. a4 Nc6 10. Bf4 Be6 11. Re1 Nb4 12. Bf3 Qc7 13. e5 Ne8 14. exd6 Bxd6 15. Bxd6 Nxd6 16. Ne4 Nxe4 17. Bxe4 Rad8 18. Qh5 f5 19. Qh3 Bc8 20. Bf3 Nxc2 21. Qh4 Nxa1 22. Re7 Qd6 0-1

[Event "Omsk-ch"]
[Site "Omsk"]
[Date "2012.03.17"]
[Round "2"]
[White "Miroshnichenko, Yuri"]
[Black "Lunga, Oleg"]
[Result "1-0"]
[WhiteElo "1939"]
[BlackElo "1709"]
[PlyCount "53"]
[EventDate "2012.03.15"]
[EventType "swiss"]
[EventRounds "9"]
[EventCountry "RUS"]
[SourceTitle "EXT 2013"]
[Source "ChessBase"]
[SourceDate "2012.11.22"]
[SourceVersion "1"]
[SourceVersionDate "2012.11.22"]
[SourceQuality "1"]

1. d4 Nf6 2. c4 e6 3. Nf3 Bb4+ 4. Bd2 Be7 5. Nc3 b6 6. e4 Bb7 7. Bd3 d5 8. cxd5 exd5 9. e5 Nfd7 10. 0-0 0-0 11. Qe2 c5 12. Rac1 c4 13. Bb1 Bc6 14. Be3 Na6 15. Ne1 Nc7 16. f4 g6 17. f5 gxf5 18. Rxf5 f6 19. Bh6 Re8 20. Qg4+ Kf7 21. Qh5+ Ke6 22. Nf3 Nf8 23. exf6 Bxf6 24. Re1+ Kd7 25. Qf7+ Be7 26. Rfe5 Bb7 27. Bxf8 1-0

[Event "Omsk op"]
[Site "Omsk"]
[Date "2012.02.02"]
[Round "3"]
[White "Volkov, Alexander2222"]
[Black "Lunga, Oleg"]
[Result "1-0"]
[WhiteElo "2157"]
[BlackElo "1709"]
[PlyCount "57"]
[EventDate "2012.01.29"]
[EventType "swiss"]
[EventRounds "9"]
[EventCountry "RUS"]
[SourceTitle "EXT 2022"]
[Source "ChessBase"]
[SourceDate "2021.10.06"]
[SourceVersion "1"]
[SourceVersionDate "2021.10.06"]
[SourceQuality "1"]

1. Nf3 Nf6 2. c4 g6 3. Nc3 Bg7 4. e4 d6 5. d4 Nbd7 6. Be2 e5 7. dxe5 dxe5 8. Bg5 0-0 9. Qc2 h6 10. Bd2 c6 11. 0-0 Qe7 12. Rad1 Nb6 13. b4 Bg4 14. c5 Nbd7 15. Na4 Rfe8 16. Nb2 Red8 17. Nc4 Ne8 18. Bc3 Bxf3 19. Bxf3 Nf8 20. Qb2 f6 21. Na5 Kh7 22. h4 Ne6 23. g3 Rxd1 24. Rxd1 Rd8 25. Rxd8 Nxd8 26. h5 Qe6 27. hxg6+ Kxg6 28. Qe2 Qh3 29. Bg4 1-0

[Event "Omsk Rating"]
[Site "Omsk"]
[Date "2011.12.12"]
[Round "7"]
[White "Chagasov, Oleg"]
[Black "Lunga, Oleg"]
[Result "0-1"]
[WhiteElo "1911"]
[BlackElo "1625"]
[PlyCount "64"]
[EventDate "2011.12.02"]
[EventType "swiss"]
[EventRounds "9"]
[EventCountry "RUS"]
[SourceTitle "EXT 2022"]
[Source "ChessBase"]
[SourceDate "2021.10.06"]
[SourceVersion "1"]
[SourceVersionDate "2021.10.06"]
[SourceQuality "1"]

1. e4 c5 2. Nf3 Nc6 3. Bb5 Nf6 4. e5 Nd5 5. Nc3 Nxc3 6. dxc3 e6 7. 0-0 Be7 8. Bf4 0-0 9. Qd2 Qb6 10. a4 a6 11. Bxc6 dxc6 12. a5 Qc7 13. c4 Rd8 14. Qc3 Bd7 15. Rad1 Be8 16. Qa3 Rxd1 17. Rxd1 Rd8 18. Rd3 Rxd3 19. cxd3 Bd8 20. Bd2 Be7 21. Be3 Bd8 22. Bd2 Be7 23. h3 h6 24. Kf1 f6 25. Be3 b6 26. axb6 Qxb6 27. b3 Qb4 28. Qa2 Qc3 29. Ke2 Bg6 30. Qb1 Qa5 31. Qb2 Qd8 32. Ne1 Qb6 0-1

[Event "Omsk Rating"]
[Site "Omsk"]
[Date "2011.12.02"]
[Round "1"]
[White "Lunga, Oleg"]
[Black "Strizhachenko, Yuri"]
[Result "0-1"]
[WhiteElo "1625"]
[BlackElo "2105"]
[PlyCount "47"]
[EventDate "2011.12.02"]
[EventType "swiss"]
[EventRounds "9"]
[EventCountry "RUS"]
[SourceTitle "EXT 2022"]
[Source "ChessBase"]
[SourceDate "2021.10.06"]
[SourceVersion "1"]
[SourceVersionDate "2021.10.06"]
[SourceQuality "1"]

1. d4 d5 2. Nf3 c6 3. e3 Bf5 4. c4 e6 5. Nc3 Nd7 6. Be2 Ngf6 7. 0-0 Bd6 8. c5 Bc7 9. Bd2 Qe7 10. b4 a6 11. a4 e5 12. dxe5 Nxe5 13. Nxe5 Bxe5 14. Rc1 0-0 15. Bf3 Rfd8 16. Re1 Qc7 17. g3 Rd7 18. Qb3 h5 19. Kg2 h4 20. gxh4 Bxh2 21. Rh1 Be4 22. Nxe4 Nxe4 23. Bxe4 dxe4 24. Bc3 0-1

[Event "Omsk-ch"]
[Site "Omsk"]
[Date "2011.11.20"]
[Round "6"]
[White "Lunga, Oleg"]
[Black "Miroshnichenko, Yuri"]
[Result "0-1"]
[WhiteElo "1619"]
[BlackElo "1921"]
[PlyCount "130"]
[EventDate "2011.11.13"]
[EventType "swiss"]
[EventRounds "9"]
[EventCountry "RUS"]
[SourceTitle "EXT 2013"]
[Source "ChessBase"]
[SourceDate "2012.11.22"]
[SourceVersion "1"]
[SourceVersionDate "2012.11.22"]
[SourceQuality "1"]

1. e4 e6 2. d4 d5 3. Nd2 Nf6 4. e5 Nfd7 5. f4 c5 6. c3 Nc6 7. Ne2 cxd4 8. cxd4 Bb4 9. a3 Ba5 10. b4 Bb6 11. Bb2 0-0 12. g3 f6 13. Bh3 Qe7 14. b5 Na5 15. a4 Rf7 16. Ba3 Qe8 17. Qc2 fxe5 18. fxe5 Nf8 19. Rf1 Bd7 20. Qd3 Rc8 21. Rc1 Rxc1+ 22. Bxc1 Rxf1+ 23. Bxf1 Qc8 24. Nc3 Be8 25. Qe3 Bg6 26. Bb2 Bf5 27. h3 Bd8 28. g4 Bc2 29. g5 Ng6 30. Qg3 Be7 31. h4 Qf8 32. Ne2 Bb4 33. h5 Ne7 34. Bh3 Nf5 35. Qf2 Nc4 36. Bc1 g6 37. Nf4 Qf7 38. Ke2 Bc3 39. Nxc4 dxc4 40. hxg6 hxg6 41. d5 exd5 42. Qxa7 Nd4+ 43. Qxd4 Bxd4 44. Be6 Bxe5 45. Bxf7+ Kxf7 46. a5 d4 47. a6 bxa6 48. bxa6 Bb8 49. Nd5 Be4 50. Nb4 Ke6 51. Bb2 Ba7 52. Bc1 Kd6 53. Ba3 Kc7 54. Na2 Kb6 55. Nb4 Bb8 56. Bb2 Be5 57. Kd1 Kb5 58. Ba3 Bf4 59. a7 Bxg5 60. Nc2 Bf6 61. Bd6 Kb6 62. Bb8 Bxc2+ 63. Kxc2 Kb7 64. Kd2 Bd8 65. Be5 Bb6 0-1